Paesi più vicini alla Finlandia - Statistics

Statistiche generali
  • Questo quiz è stato fatto 77 volte
  • Il punteggio medio è 18 su 20
Statistiche sulle risposte
km nazione % Corretto
0 Russia
100%
0 Norvegia
99%
0 Svezia
99%
470 Bielorussia
97%
575 Danimarca
97%
47 Estonia
97%
718 Germania
97%
603 Polonia
97%
213 Lettonia
94%
378 Lituania
94%
1044 Cechia
92%
879 Ucraina
92%
1153 Slovacchia
90%
1315 Belgio
89%
1306 Romania
89%
1291 Moldavia
88%
1071 Paesi Bassi
88%
1262 Austria
83%
1256 Ungheria
83%
1106 Regno Unito
81%
Nessun quiz corrispondente trovato
Distribuzione punteggi
Percentuale di utenti per punteggio
Percentile per numero di risposta
I tuoi punteggi nel tempo
Non hai fatto questo quiz